Statistics for Name the Australian Sports Person #4

Click here to take the quiz!

General Stats

  • This quiz has been taken 8 times
  • The average score is 12 of 30

Answer Stats

Answer% Correct
Steve Waugh
88%
Brett Lee
75%
Adam Gilchrist
63%
Israel Folau
63%
Jeff Fenech
63%
Karrie Webb
63%
Alicia Molik
50%
Andrew Johns
50%
Billy Slater
50%
Chris Judd
50%
Eddie Betts
50%
Grant Hackett
50%
Liz Ellis
50%
Mark Philippoussis
50%
Nathan Buckley
50%
Andrew McLeod
38%
Jarryd Hayne
38%
Mark Schwarzer
38%
Nova Peris
38%
Paul Gallen
38%
Aron Baynes
25%
Craig Lowndes
25%
Darren Lockyer
25%
Stephanie Rice
25%
Melissa Wu
13%
Torah Bright
13%
Grant Balfour
0%
James "Jimmy" Spithill
0%
Lauryn Eagle
0%
Lydia Lassila
0%

Score Distribution

Percentile by Number Answered

Percent of People with Each Score

Your Score History

You have not taken this quiz